[Event "VIE-ch U09"]
[Site "Ho Chi Minh City"]
[Date "2014.07.17"]
[Round "7"]
[White "Nguyen, Viet Bach"]
[Black "Nguyen, Tu Nam"]
[Result "1-0"]
[WhiteElo "1535"]
[BlackElo "1482"]
[PlyCount "47"]
[EventDate "2014.07.13"]
[EventType "swiss"]
[EventRounds "9"]
[EventCountry "VIE"]
[SourceTitle "EXT 2016"]
[Source "ChessBase"]
[SourceDate "2015.10.08"]
[SourceVersion "1"]
[SourceVersionDate "2015.10.08"]
[SourceQuality "1"]

1. e4 e6 2. d4 d5 3. Nc3 dxe4 4. Nxe4 Bd7 5. Nf3 Bc6 6. Bd3 Nd7 7. 0-0 Ngf6 8. Nxf6+ Nxf6 9. Ne5 Bd6 10. Nxc6 bxc6 11. Qf3 Qd7 12. Bg5 Nd5 13. c4 h6 14. Bxh6 Rxh6 15. cxd5 Bxh2+ 16. Kh1 cxd5 17. g4 Qd6 18. Kg2 Bg1 19. Rxg1 Qh2+ 20. Kf1 Rf6 21. Qg2 Qf4 22. Rd1 Ke7 23. g5 Qxd4 24. gxf6+ 1-0

[Event "VIE-ch U09"]
[Site "Ho Chi Minh City"]
[Date "2014.07.16"]
[Round "6"]
[White "Nguyen, Tu Nam"]
[Black "Dinh, Luu Don"]
[Result "1-0"]
[WhiteElo "1482"]
[BlackElo "1527"]
[PlyCount "65"]
[EventDate "2014.07.13"]
[EventType "swiss"]
[EventRounds "9"]
[EventCountry "VIE"]
[SourceTitle "EXT 2016"]
[Source "ChessBase"]
[SourceDate "2015.10.08"]
[SourceVersion "1"]
[SourceVersionDate "2015.10.08"]
[SourceQuality "1"]

1. d4 d5 2. c4 e6 3. Nc3 Bb4 4. Nf3 c5 5. e3 Nf6 6. a3 Bxc3+ 7. bxc3 Nbd7 8. cxd5 exd5 9. Bd3 b6 10. 0-0 Bb7 11. Bd2 0-0 12. c4 Rc8 13. Rc1 Ba6 14. Qa4 Bxc4 15. Bxc4 dxc4 16. Rxc4 Rc7 17. Rfc1 Qb8 18. Qb3 Rfc8 19. R4c2 h6 20. h3 Rc6 21. Bc3 Qc7 22. Ba1 Qb7 23. Qb2 cxd4 24. Nxd4 Rxc2 25. Rxc2 Nc5 26. Nf5 Kh7 27. Nd6 Qa8 28. Nxc8 Nd3 29. Qb1 Nc5 30. Rxc5+ Kg8 31. Ne7+ Kf8 32. Rc8+ Kxe7 33. Rxa8 1-0